DISEASES OF VEGETABLE CROPS (Record no. 22190)

MARC details
000 -LEADER
fixed length control field 00299nam a22001337a 4500
003 - CONTROL NUMBER IDENTIFIER
control field SGT
020 ## - INTERNATIONAL STANDARD BOOK NUMBER
International Standard Book Number 978-93-86479-86-0
082 ## - DEWEY DECIMAL CLASSIFICATION NUMBER
Classification number 635.049
Item number SIN
100 ## - MAIN ENTRY--PERSONAL NAME
Personal name SINGH, R.S.
245 ## - TITLE STATEMENT
Title DISEASES OF VEGETABLE CROPS
260 ## - PUBLICATION, DISTRIBUTION, ETC. (IMPRINT)
Place of publication, distribution, etc DELHI
Name of publisher, distributor, etc MEDTECH ADSI
Year of Publication 2018
300 ## - PAGE DESCRIPTION
No. of Pages 380
942 ## - ADDED ENTRY ELEMENTS (KOHA)
Source of classification or shelving scheme Dewey Decimal Classification
Koha item type Books
942 ## - ADDED ENTRY ELEMENTS (KOHA)
-- 5
Holdings
Withdrawn status Lost status Source of classification or shelving scheme Damaged status Not for loan Home library Current library Shelving location Date acquired Vendor Name Cost, normal purchase price SGTU Bill Number Total Checkouts Full call number Accession No. (Barcode) Date last seen Date last borrowed Bill Date Koha item type
    Dewey Decimal Classification     SGT Science & Social Sciences Library SGT Science & Social Sciences Library Text Book 22/02/2022 ABC 495.00 SGTU 13649 3 635.049 SIN AG1651 28/06/2024 28/06/2024   Books
    Dewey Decimal Classification     SGT Science & Social Sciences Library SGT Science & Social Sciences Library Text Book 22/02/2022 ABC 495.00 SGTU 13649   635.049 SIN AG1652 22/02/2022     Books
    Dewey Decimal Classification     SGT Science & Social Sciences Library SGT Science & Social Sciences Library Text Book 22/02/2022 ABC 495.00 SGTU 13649 2 635.049 SIN AG1653 20/11/2024 07/11/2024   Books
    Dewey Decimal Classification     SGT Science & Social Sciences Library SGT Science & Social Sciences Library Text Book 22/02/2022 ABC 495.00 SGTU 13649   635.049 SIN AG1654 22/02/2022     Books
    Dewey Decimal Classification     SGT Science & Social Sciences Library SGT Science & Social Sciences Library Text Book 22/02/2022 ABC 495.00 SGTU 13649   635.049 SIN AG1655 22/02/2022     Books